zpět

Detail výsledku týmu

Chicago Bar & Grill ČT, Liberec

Datum a čas kvízu

20 Celkem bodů Celkový počet nahraných bodů na tomto kvízu bez doplňovacích otázek.
10. Pořadí na kvízu Konečné umístění týmu na tomto kvízu.

Zaznamenané odpovědi

# Otázka Odpověď Body Výsledky
1. Prázdné a nastartované BMW upo... štěnic 0
2. Ve Spojených státech se narodi... v roce 1994 (uznáváme 1992–1996) 1
3. V pátek měl na platformě Onepl... Janákovi 0
4. Minulý týden ohlásila jedna če... Benu 0
5. Minulý čtvrtek jsme se dozvědě... Andrea Stramaccioni 0
6. V tématu se zaměříme na nejrůz... v Japonsku 1
7. Stánků s langoši bylo v devade... Starej fotr 0
8. Instantní fotoaparáty se nejvě... Polaroid, Instax 1
9. Nejdříve trendy doplněk, pozdě... Kendall Jenner 1
10. Gramofonovým deskám leckdo pře... long play 0